[Event "HCL-A142"]
[Site "www.playchess.de"]
[Date "2001.04.25"]
[Round "7"]
[White "Franky"]
[Black "Nils"]
[WhiteElo "1809"]
[BlackElo "1753"]
[PlyCount "29"]
[Result "1-0"]

1.e4 {hello, nice to meet you}  e5 2.Nf3 Nc6 3.Bc4 
Nf6 4.Ng5 d5 5.exd5 Nb4 6.d6 Nfd5 7.Nxf7 Kxf7 8.c3 
Qh4 9.d3 b5 10.Bxb5 Bxd6 11.O-O Ba6 12.Na3 c6 
13.Bc4 Nxd3 14.Qxd3 e4 15.Qg3 1-0

[Event "HCL-A137"]
[Site "www.playchess.de"]
[Date "2001.04.25"]
[Round "17"]
[White "Nils"]
[Black "vrad"]
[WhiteElo "1753"]
[BlackElo "1852"]
[PlyCount "28"]
[Result "0-1"]

1.e4 c5 2.Nf3 e6 3.Nc3 Nc6 4.Bb5 a6 5.Bxc6 bxc6 
6.d3 d5 7.Bf4 Bd6 8.Bxd6 Qxd6 9.e5 Qc7 10.Qd2 Ne7 
11.Na4 Ng6 12.Qc3 O-O 13.Nxc5 f6 14.exf6 
gxf6 0-1

[Event "HCL-M020"]
[Site "www.playchess.de"]
[Date "2001.04.25"]
[Round "3"]
[White "cmelo"]
[Black "mt7"]
[WhiteElo "2200"]
[BlackElo "2200"]
[PlyCount "35"]
[Result "1-0"]

1.d4 Nf6 {hallo!}  2.Bg5 c5 {where are you from?}  
3.d5 e6 4.Nc3 h6 5.Bh4 Qa5 6.Bxf6 gxf6 7.e3 f5 
8.Qf3 Bg7 9.Nge2 Na6 10.O-O-O Rb8 11.g4 fxg4 {boze 
moj!?}  12.Qxg4 Bf6 13.Ne4 Be5 14.dxe6 dxe6 
15.N2c3 b5 16.f4 Bxc3 17.Nxc3 Nb4 
18.Qh5 1-0

[Event "HCL-A137"]
[Site "www.playchess.de"]
[Date "2001.04.25"]
[Round "30"]
[White "Nils"]
[Black "ippuli"]
[WhiteElo "1753"]
[BlackElo "1671"]
[PlyCount "24"]
[Result "0-1"]

1.e4 e5 2.Nf3 f5 3.Nxe5 Qf6 4.d4 d6 5.Nf3 fxe4 
6.Ng1 Nc6 7.d5 Ne5 8.Nc3 Qg6 9.Bf4 Bf5 10.Qd4 Nd7 
11.Nb5 Kd8 12.Qc3 Nc5 0-1

[Event "HCL-B312"]
[Site "www.playchess.de"]
[Date "2001.04.25"]
[Round "12"]
[White "GM2600"]
[Black "BH_Brother"]
[WhiteElo "1500"]
[BlackElo "1200"]
[PlyCount "31"]
[Result "1-0"]

1.e4 c5 2.Nf3 d6 3.d4 cxd4 4.Nxd4 e5 5.Nb3 Nf6 
6.Bb5+ Bd7 7.Bxd7+ Qxd7 8.Qf3 d5 9.exd5 Nxd5 
10.O-O Nc6 11.Rd1 Rd8 12.c4 e4 13.Qxe4+ {nice move 
- the best move!!!}  Qe7 14.Qxe7+ Bxe7 15.cxd5 O-O 
16.Nc3 1-0

[Event "HCL-A145"]
[Site "www.playchess.de"]
[Date "2001.04.25"]
[Round "1"]
[White "AXEL"]
[Black "Nils"]
[WhiteElo "1800"]
[BlackElo "1753"]
[PlyCount "21"]
[Result "1-0"]

1.e4 {Hallo Nils ! Ich wünsche uns eine spannende 
und interessante Partie !}  e5 {ebenso}  2.Nf3 Nc6 
3.Bc4 Nf6 4.d4 exd4 5.e5 Qe7 6.O-O Nxe5 7.Nxe5 
Qxe5 8.Re1 Ne4 9.f3 d5 10.Nd2 Bd6 
11.g3 1-0

[Event "HCL-A145"]
[Site "www.playchess.de"]
[Date "2001.04.25"]
[Round "8"]
[White "Nils"]
[Black "Felix"]
[WhiteElo "1753"]
[BlackElo "1660"]
[PlyCount "26"]
[Result "0-1"]

1.e4 c5 2.Nf3 d6 3.d4 cxd4 4.Nxd4 Nf6 5.Nc3 g6 
6.Bb5+ Bd7 7.Bg5 Bg7 8.Bxf6 Bxf6 9.Bxd7+ Qxd7 
10.Nd5 Bg7 11.O-O O-O 12.c3 Nc6 13.Ne3 
Rab8 0-1

[Event "HCL-A145"]
[Site "www.playchess.de"]
[Date "2001.04.25"]
[Round "9"]
[White "Felix"]
[Black "Arcant"]
[WhiteElo "1660"]
[BlackElo "1704"]
[PlyCount "39"]
[Result "1-0"]

1.e4 d6 {Hello and good luck}  2.d4 {Wishing you 
all the best!}  Nf6 3.Nc3 {:}  Nbd7 4.Be3 e5 5.Nf3 
Be7 6.Bc4 O-O 7.O-O c6 8.Qd2 b5 9.Bb3 b4 10.Nb1 
Nxe4 11.Qxb4 exd4 12.Qxd4 Ndc5 13.c3 Ba6 14.Re1 
Bf6 15.Qd1 Nd3 16.Re2 Qa5 17.Bd4 Ndc5 18.Re3 d5 
19.Bc2 Rfe8 20.b4 1-0

[Event "HCL-A143"]
[Site "www.playchess.de"]
[Date "2001.04.25"]
[Round "3"]
[White "Nils"]
[Black "Leoisthelion"]
[WhiteElo "1753"]
[BlackElo "1700"]
[PlyCount "22"]
[Result "0-1"]

1.e4 c6 2.d4 Nf6 {Good luck to you!}  3.e5 Nd5 
4.Nf3 d6 5.Be2 Bf5 6.O-O Nd7 7.exd6 exd6 8.Re1 Be7 
9.c4 N5b6 10.a4 O-O 11.a5 Nc8 0-1

[Event "HCL-A143"]
[Site "www.playchess.de"]
[Date "2001.04.25"]
[Round "8"]
[White "Nils"]
[Black "Gruhni"]
[WhiteElo "1753"]
[BlackElo "1300"]
[PlyCount "24"]
[Result "0-1"]

1.e4 c5 2.Nf3 g6 3.Bc4 Nc6 4.Nc3 e6 5.d4 cxd4 
6.Nxd4 Nxd4 7.Qxd4 Nf6 8.e5 Ng8 9.Ne4 d5 10.exd6 
f6 11.Bb5+ Bd7 12.Bxd7+ Qxd7 0-1

[Event "HCL-A148"]
[Site "www.playchess.de"]
[Date "2001.04.25"]
[Round "11"]
[White "Nils"]
[Black "janus"]
[WhiteElo "1753"]
[BlackElo "1922"]
[PlyCount "36"]
[Result "0-1"]

1.e4 Nc6 {Viel Glück für Dich und für uns eine 
spannende Partie !!}  2.d4 d5 3.e5 Bf5 4.Nf3 
{ebenso}  e6 5.Bb5 Qd7 6.O-O a6 7.Bd3 Nge7 8.Be3 
f6 9.Re1 Bg4 10.Nbd2 fxe5 11.dxe5 Nf5 12.Bg5 h6 
13.Be3 d4 14.Bf4 g5 15.Bxf5 Bxf5 16.Bg3 O-O-O 
17.Rc1 Qd5 18.a3 Bg7 0-1

[Event "ACL-M004"]
[Site "www.playchess.de"]
[Date "2001.04.25"]
[Round "10"]
[White "Nils"]
[Black "dzwonek"]
[WhiteElo "1821"]
[BlackElo "1722"]
[PlyCount "26"]
[Result "0-1"]

1.e4 c5 2.Nf3 a6 3.Nc3 Nc6 4.d4 cxd4 5.Nxd4 e6 
6.Nxc6 bxc6 7.Bd3 d5 8.O-O Nf6 9.e5 Nd7 10.Re1 Qc7 
11.Bf4 c5 12.b3 Bb7 13.Qe2 Be7 0-1

[Event "HCL-C306"]
[Site "www.playchess.de"]
[Date "2001.04.25"]
[Round "10"]
[White "maxtulip"]
[Black "Tina"]
[WhiteElo "1000"]
[BlackElo "1000"]
[PlyCount "34"]
[Result "0-1"]

1.Nf3 d5 2.g3 c5 3.Nc3 e6 4.e4 d4 5.Nb5 a6 6.Ne5 
axb5 7.Bxb5+ Bd7 8.a4 Bxb5 9.b3 Ba6 10.d3 Nd7 
11.Qh5 g6 12.Qg4 Nxe5 13.Qf4 Bd6 14.O-O b5 15.Bd2 
Nxd3 16.Qe3 Ne5 17.Qe1 Nf3+ 0-1

[Event "HCL-A143"]
[Site "www.playchess.de"]
[Date "2001.04.25"]
[Round "15"]
[White "Gruhni"]
[Black "One_i"]
[WhiteElo "1300"]
[BlackElo "1636"]
[PlyCount "95"]
[Result "1-0"]

1.e4 d5 {Good luck to you from Canada!}  2.exd5 
{Good luck to you,too!}  Nf6 3.Nf3 Qxd5 4.Nc3 Qh5 
5.d4 Bg4 6.Be2 Nc6 7.d5 O-O-O 8.h3 e5 9.O-O Bxf3 
10.Bxf3 Qg6 11.Qe2 Nd4 12.Qd3 Nxf3+ 13.Qxf3 e4 
14.Qg3 Nxd5 15.Qxg6 hxg6 16.Nxe4 f6 17.Re1 Bb4 
18.c3 Ba5 19.Be3 Nxe3 20.Rxe3 Bb6 21.Re2 Rhe8 
22.Rae1 g5 23.Ng3 Rxe2 24.Rxe2 c6 25.Re7 Rd7 
26.Rxd7 Kxd7 27.Kf1 Ke6 28.Ke2 g6 29.f3 f5 30.Kd3 
Ke5 31.Ne2 a6 32.b3 Ba7 33.b4 b5 34.Nd4 Bxd4 
35.cxd4+ Kf4 36.Ke2 Kg3 37.Kf1 g4 38.fxg4 fxg4 
39.h4 Kf4 40.Kf2 Ke4 41.Kg3 Kxd4 42.Kxg4 Kc4 
43.Kf4 Kxb4 44.g4 c5 45.h5 gxh5 46.gxh5 c4 47.h6 
c3 48.Ke3 1-0

[Event "HCL-C302"]
[Site "www.playchess.de"]
[Date "2001.04.25"]
[Round "12"]
[White "tetram"]
[Black "MEATHEAD"]
[WhiteElo "1000"]
[BlackElo "862"]
[PlyCount "51"]
[Result "1-0"]

1.e4 e5 2.Nf3 Nc6 3.d4 Bb4+ 4.c3 Be7 5.Bc4 d6 6.h4 
Bg4 7.d5 Na5 8.Be2 Nf6 9.b4 Nxe4 10.bxa5 Qd7 
11.Nxe5 Bxe2 12.Qxe2 Qf5 13.Ng4 Qxd5 14.c4 Qd4 
15.Bb2 Qc5 16.Qxe4 Qb4+ 17.Bc3 Qc5 18.Nh6 f6 
19.Nf5 O-O-O 20.Nxe7+ Kb8 21.Nd2 Rd7 22.Rb1 b6 
23.O-O Rf8 24.Bd4 Qxa5 25.Nc6+ Kc8 
26.Nxa5 1-0

[Event "ACL-A171"]
[Site "www.playchess.de"]
[Date "2001.04.25"]
[Round "12"]
[White "rbverhoef"]
[Black "killer"]
[WhiteElo "1500"]
[BlackElo "1500"]
[PlyCount "64"]
[Result "0-1"]

1.d4 d5 {regards}  2.c4 e6 3.Nc3 c6 4.e4 dxe4 
5.Nxe4 Bb4+ 6.Bd2 Qxd4 7.Bxb4 Qxe4+ 8.Be2 Nd7 
9.Kf1 Ne7 10.Bd3 Qf4 11.Nf3 c5 12.Bd2 Qc7 13.Ng5 
Nf6 14.Bc3 Bd7 15.Bxf6 gxf6 16.Nxh7 O-O-O 17.Nxf6 
Bc6 18.f3 Nf5 19.Kg1 Qf4 20.Ng4 Qd4+ 21.Nf2 Ne3 
22.Qe2 Rdg8 23.g4 Bxf3 24.Qxf3 Nxg4 25.Kf1 Nxf2 
26.Qxf2 Qxd3+ 27.Ke1 Qe4+ 28.Kd1 Rgd8+ {we 
probably play till mate. OK, mate in 7 moves}  
29.Kc1 Qxh1+ {mate in 6...}  30.Kc2 Qe4+ {mate in 
3}  31.Kb3 Rd3+ {mate in 2}  32.Kc2 Qxc4+ {and to 
your last move-33.Kb1- Rd1checkmate} 
 0-1

[Event "ACL-A170"]
[Site "www.playchess.de"]
[Date "2001.04.25"]
[Round "6"]
[White "Erhaem"]
[Black "alexander"]
[WhiteElo "1500"]
[BlackElo "1500"]
[PlyCount "31"]
[Result "1-0"]

1.d4 Nc6 2.Nf3 b6 3.Bg5 h6 4.Bh4 g5 5.Bg3 g4 6.Ne5 
Nb4 7.Nxg4 Nf6 8.e3 h5 9.Nxf6+ exf6 10.c3 Nd5 
11.Bc4 Ne7 12.Qf3 d5 13.Bb5+ c6 14.Bd3 Bh6 15.Qxf6 
Rh7 16.Bxh7 1-0

[Event "HCL-B316"]
[Site "www.playchess.de"]
[Date "2001.04.25"]
[Round "13"]
[White "rbverhoef"]
[Black "pirco"]
[WhiteElo "1200"]
[BlackElo "1612"]
[PlyCount "125"]
[Result "1-0"]

1.d4 d5 2.c4 c6 3.Nf3 Nf6 4.e3 e6 5.Nbd2 Nbd7 
6.Bd3 Be7 7.O-O O-O 8.b3 b6 9.Bb2 Ba6 10.Ng5 h6 
11.Nh3 Qc7 12.Nf3 c5 13.cxd5 Bxd3 14.Qxd3 exd5 
15.dxc5 bxc5 16.Nf4 Nb6 17.Rac1 c4 18.Qc2 Rac8 
19.Rfd1 Rfd8 20.Be5 Qd7 21.Qb1 cxb3 22.axb3 Rxc1 
23.Rxc1 Rc8 24.Rd1 g5 25.Ne2 Ne4 26.Qa2 g4 27.Nd2 
Nxd2 28.Qxd2 Qf5 29.Bc3 Bh4 30.Nf4 Rc6 31.Nd3 Be7 
32.Be5 Nd7 33.Bd4 a6 34.Ra1 {Very nice game don't 
you think?}  Bd6 35.Qe2 Nf8 {sure, interested}  
36.Bb2 Ng6 37.Qd1 Be7 38.Ra4 h5 39.Qe2 Qe6 40.Qd1 
Rb6 41.Bd4 Rc6 42.Bb2 Rb6 43.b4 h4 44.b5 Rxb5 
45.Rxg4 Bd6 46.Rg5 Be7 47.Rg4 Bf6 48.Nf4 Qf5 
49.Nxg6 fxg6 50.Rf4 Qxf4 51.exf4 Bxb2 52.Qg4 Kf7 
53.Qd7+ Kf6 54.Qc6+ Kg7 55.Qxa6 Rb4 56.Qd6 Bc3 
57.h3 d4 58.Qe7+ Kg8 59.Qf6 Kh7 {OK, very good 
final, i think i can resign in some moves. Good 
luck for tournament !}  60.Qxh4+ Kg7 61.Qe7+ {Thx, 
i hope and think you are right, but you have your 
revenge in our other game, that one is yours.}  
Kh6 {Yes but the other game is not finish. For 
this tournament I have a good position between 
Roland007.}  62.g4 {I think it is over for you! 
Good game!}  d3 63.g5+ {Well, I know him, he is 
very good, I hope you will beat him. How about 
your other games?}  1-0

[Event "HCL-A146"]
[Site "www.playchess.de"]
[Date "2001.04.25"]
[Round "8"]
[White "Nils"]
[Black "myosotis1984"]
[WhiteElo "1753"]
[BlackElo "1440"]
[PlyCount "20"]
[Result "0-1"]

1.e4 e5 2.Nf3 Nc6 3.Bb5 a6 4.Bxc6 dxc6 5.d3 f6 
6.O-O Bc5 7.Nc3 Ne7 8.Be3 Bb6 9.Bxb6 cxb6 10.h3 
O-O 0-1

[Event "HCL-C308"]
[Site "www.playchess.de"]
[Date "2001.04.25"]
[Round "5"]
[White "trebli"]
[Black "Lukas"]
[WhiteElo "861"]
[BlackElo "1115"]
[PlyCount "50"]
[Result "0-1"]

1.e4 c5 2.Nc3 d6 3.f3 Nc6 4.d3 e6 5.Be3 a6 6.Qd2 
Nf6 7.O-O-O b5 8.Be2 b4 9.Na4 Bb7 10.Nh3 Be7 11.b3 
O-O 12.f4 Rc8 13.c4 bxc3 14.Nxc3 Qd7 15.g3 Rc7 
16.a4 Rfc8 17.e5 dxe5 18.Ng5 Nd4 19.Qb2 Nxe2+ 
20.Nxe2 Bxh1 21.fxe5 Ng4 22.Bf4 Bxg5 23.Bxg5 Nf2 
24.Rd2 Nxd3+ 25.Rxd3 Qxd3 0-1

[Event "HCL-C312"]
[Site "www.playchess.de"]
[Date "2001.04.25"]
[Round "3"]
[White "Lukas"]
[Black "xerxes2u"]
[WhiteElo "1108"]
[BlackElo "1536"]
[PlyCount "40"]
[Result "1/2-1/2"]

1.b3 Nf6 2.Nf3 g6 3.Bb2 Bg7 4.g3 O-O 5.Bg2 d6 6.d4 
Nbd7 7.O-O b6 8.Ne5 Rb8 9.Nc6 Qe8 {#$%@!#@!!!}  
10.Nxb8 Nxb8 11.c4 Nbd7 12.Nc3 e6 13.Qd3 e5 
14.Rfe1 c5 15.d5 a6 16.a4 Nh5 17.a5 f5 18.e4 f4 
19.Ref1 bxa5 20.Rxa5 Ndf6 1/2-1/2

[Event "HCL-C313"]
[Site "www.playchess.de"]
[Date "2001.04.25"]
[Round "9"]
[White "Coolhandluke"]
[Black "remote"]
[WhiteElo "1000"]
[BlackElo "1000"]
[PlyCount "71"]
[Result "1-0"]

1.e4 {Hello, how are you? I'm from New Haven 
Kentucky. Look forward to an interesting game.  
Good luck.}  b6 2.d4 d5 3.e5 f6 4.exf6 gxf6 5.Nf3 
Bg4 6.Be2 a5 7.O-O {Sammy, good evening. How's the 
weather out there? How long have you been playing 
chess?}  Nc6 {it,s good not long}  8.c4 Bh6 9.Nc3 
{How good have you been playing chess?}  e6 
10.cxd5 exd5 11.Bxh6 Nxh6 12.Nh4 Nxd4 13.Qxd4 c6 
14.Bxg4 Nxg4 15.Qxg4 h5 16.Rfe1+ Kf8 17.Ng6+ Kg8 
18.Nxh8+ hxg4 19.Ng6 d4 20.Rad1 Ra7 21.Ne4 Re7 
22.Nxf6+ Kf7 23.Nxe7 Kxf6 {good game}  24.Nxc6 Qd6 
{good game}  25.Nxd4 Qc5 26.g3 Kg6 27.Re6+ Kg5 
28.Ne2 Qc2 29.Rd5+ Qf5 30.Ree5 Kg6 31.Rexf5 a4 
32.Nf4+ Kh6 33.Rf6+ Kh7 34.Rd7+ Kg8 35.Rc6 Kf8 
36.Rc8+ {Mr. Blocker, I enjoyed our game, and look 
forward to playing again in a future tourny. 
Lucas}  1-0

[Event "ACL-A172"]
[Site "www.playchess.de"]
[Date "2001.04.25"]
[Round "3"]
[White "yunusov"]
[Black "vijal"]
[WhiteElo "1500"]
[BlackElo "1373"]
[PlyCount "37"]
[Result "1-0"]

1.d4 {hi}  d5 {hello}  2.Nf3 Nc6 3.c4 e6 4.Nc3 
{Hi}  Nf6 5.Bg5 Be7 6.e3 dxc4 7.Bxc4 a6 8.O-O h6 
9.Bh4 O-O 10.Rc1 Bd7 11.Bd3 Nb4 12.Bb1 Nfd5 
13.Bxe7 Qxe7 14.Nxd5 Nxd5 15.e4 Nf6 16.Rxc7 Qd8 
17.Qc2 Bc6 18.Rxc6 bxc6 19.e5 1-0

[Event "HCL-C304"]
[Site "www.playchess.de"]
[Date "2001.04.25"]
[Round "4"]
[White "gordi"]
[Black "TRUBLU"]
[WhiteElo "1400"]
[BlackElo "1011"]
[PlyCount "108"]
[Result "0-1"]

1.e4 e5 2.Nc3 c6 3.Nf3 d6 4.d4 f6 5.dxe5 fxe5 
6.Bc4 b5 7.Bxg8 Rxg8 8.O-O h6 9.Re1 Nd7 10.b4 Nf6 
11.a4 Bd7 12.axb5 cxb5 13.Ra5 Bc6 14.Nd5 Nxd5 
15.exd5 Bd7 16.Nd4 Qc7 17.Nxb5 Bxb5 18.Rxb5 a6 
19.Ra5 Qb6 20.Bd2 Be7 21.c4 Rf8 22.Re2 Qd4 23.Qc2 
Rc8 24.Be3 Qh4 25.Qa4+ Kf7 26.g3 Qxc4 27.Rc2 Qe4 
28.Rc6 Rxc6 29.Qxc6 Qxb4 30.Rxa6 Qe1+ 31.Kg2 Kg8 
32.Ra7 Bg5 33.Qd7 Bf6 34.Bxh6 Qe4+ 35.f3 Qe2+ 
36.Kh3 Qf1+ 37.Kg4 Qc4+ 38.Kh3 Qf1+ 39.Kg4 Qc4+ 
40.Kh3 Qf1+ 41.Kg4 Qc4+ 42.Kf5 Be7+ 43.Ke6 Rf6+ 
44.Kxe7 Rf7+ 45.Ke6 Rxd7 46.Rxd7 gxh6 47.Rxd6 e4 
48.Rc6 Qe2 49.Rc8+ Kg7 50.d6 exf3+ 51.Kd7 f2 
52.Rc7 f1Q {%}  53.Kc8+ Kg6 54.d7 
Qea6+ 0-1

[Event "ACL-A173"]
[Site "www.playchess.de"]
[Date "2001.04.25"]
[Round "6"]
[White "vijal"]
[Black "DKCozy"]
[WhiteElo "1373"]
[BlackElo "1795"]
[PlyCount "48"]
[Result "0-1"]

1.d4 d5 2.Nf3 Bg4 3.Bf4 e6 4.a3 Bd6 5.Bxd6 Qxd6 
6.e3 Nd7 7.c4 dxc4 8.Bxc4 Ne7 9.Nc3 a6 10.Be2 O-O 
11.O-O Ng6 12.h3 Bxf3 13.Bxf3 c6 14.Ne4 Qe7 15.Qb3 
f5 16.Ng3 Nf6 17.Rac1 Nd5 18.Bxd5 exd5 19.Qd3 Rae8 
20.b4 f4 21.exf4 Nxf4 22.Qd2 Qg5 23.Rcd1 Re2 
24.Nxe2 Qxg2+ 0-1

[Event "HCL-C304"]
[Site "www.playchess.de"]
[Date "2001.04.25"]
[Round "13"]
[White "Flab"]
[Black "chico"]
[WhiteElo "871"]
[BlackElo "1269"]
[PlyCount "24"]
[Result "0-1"]

1.Nc3 e5 2.Nf3 Nc6 3.d3 Nf6 4.Nxe5 Nxe5 5.f4 Nc6 
6.e4 Bc5 7.a3 d6 8.h3 Bd7 9.Nd5 Nxd5 10.exd5 Qh4+ 
11.Kd2 Qxf4+ 12.Ke2 Qf2+ 0-1

[Event "HCL-A151"]
[Site "www.playchess.de"]
[Date "2001.04.25"]
[Round "17"]
[White "nextalby"]
[Black "janus"]
[WhiteElo "2019"]
[BlackElo "1924"]
[PlyCount "51"]
[Result "1-0"]

1.e4 {Hi, and good luck}  Nc6 {Good luck to you, 
too - and a fine game for us !!}  2.d4 d5 3.e5 Bf5 
4.c3 Qd7 5.Nf3 e6 6.Bf4 Nge7 7.Nbd2 Ng6 8.Bg3 Be7 
9.Be2 O-O-O 10.O-O h5 11.h3 Rdf8 12.b4 f6 13.b5 
Nd8 14.a4 Nf7 15.exf6 gxf6 16.a5 Bd6 17.c4 Bxg3 
18.fxg3 Qd6 19.Qe1 Rhg8 20.c5 Qd7 21.b6 a6 22.c6 
Qxc6 23.Rc1 Qe8 24.Rxc7+ Kb8 25.Nb3 Nd6 
26.Bxa6 1-0

[Event "HCL-C320"]
[Site "www.playchess.de"]
[Date "2001.04.25"]
[Round "9"]
[White "lsoule"]
[Black "andrus"]
[WhiteElo "1014"]
[BlackElo "1000"]
[PlyCount "56"]
[Result "0-1"]

1.e4 c5 2.Nf3 e6 3.d4 cxd4 4.Nxd4 Nf6 5.Nc3 d6 
6.Be3 Nc6 7.Be2 Be7 8.Qd2 O-O 9.O-O-O Qc7 10.f4 a6 
11.g4 b5 12.g5 Nd7 13.a3 Rb8 14.b4 Bb7 15.h4 Rbc8 
16.h5 Nxb4 17.axb4 Qxc3 18.Qxc3 Rxc3 19.Rd3 Rc4 
20.Bf3 Rxb4 21.h6 g6 22.Rc3 Nc5 23.e5 Bxf3 24.Nxf3 
Rc8 25.Bd2 Ra4 26.Nh2 Ra1+ 27.Kb2 Rxh1 28.Ng4 
Na4+ 0-1

[Event "HCL-C320"]
[Site "www.playchess.de"]
[Date "2001.04.25"]
[Round "10"]
[White "litty"]
[Black "lsoule"]
[WhiteElo "1000"]
[BlackElo "1014"]
[PlyCount "123"]
[Result "1-0"]

1.e4 e5 2.Bc4 Bc5 3.Nh3 Nf6 4.O-O d5 5.exd5 Nxd5 
6.Bxd5 Qxd5 7.Nc3 Qd6 8.Nb5 Qg6 9.Nxc7+ Kd8 
10.Nxa8 Bxh3 11.Qf3 Qxg2+ 12.Qxg2 Bxg2 13.Kxg2 Bd6 
14.d3 Nc6 15.c3 Ke7 16.f4 Rxa8 17.fxe5 Bxe5 18.d4 
Bc7 19.Bg5+ f6 20.d5 Ne5 21.Bf4 Rd8 22.c4 g5 
23.Bxe5 Bxe5 24.Rae1 Kf7 25.b3 Bd6 26.Re6 Be7 
27.h3 Rd6 28.Re4 h5 29.Kg1 Rd8 30.Rfe1 Bc5+ 31.Kf1 
a6 32.a4 {go to bed! cu}  Rg8 33.a5 g4 34.h4 g3 
35.Kg2 Bb4 36.Ra1 f5 37.Rf4 Kf6 38.Raf1 Bxa5 
39.R4xf5+ Ke7 40.Rxh5 Bb4 41.Rh7+ Kd6 42.Rxb7 a5 
43.Rb6+ Kc5 44.Re6 Kd4 45.h5 Kc3 46.Rf3+ Kb2 
47.Re2+ Ka3 48.Rd3 Bd6 49.Re6 Rd8 50.h6 Kb4 51.h7 
Kc5 52.Rd2 Rh8 53.Ra2 Rxh7 54.Rxa5+ Kb6 55.Rb5+ 
Kc7 56.Rxd6 Kxd6 57.Kxg3 Rf7 58.Kg4 Ke5 59.Kg5 
Rf5+ 60.Kg6 Rf6+ 61.Kg7 Kf5 62.d6+ 1-0

[Event "HCL-B331"]
[Site "www.playchess.de"]
[Date "2001.04.25"]
[Round "3"]
[White "Stephen21"]
[Black "DIG"]
[WhiteElo "1190"]
[BlackElo "1619"]
[PlyCount "20"]
[Result "0-1"]

1.e4 e5 2.d4 exd4 3.Qxd4 Nc6 4.Qe3 Nf6 5.e5 Ng4 
6.Qf4 Ngxe5 7.Bb5 Bb4+ 8.c3 Qe7 9.a3 Nd3+ 10.Kd2 
Nxf4 0-1

[Event "HCL-B331"]
[Site "www.playchess.de"]
[Date "2001.04.25"]
[Round "27"]
[White "gktyro"]
[Black "lonewolf"]
[WhiteElo "1405"]
[BlackElo "1691"]
[PlyCount "52"]
[Result "0-1"]

1.e4 d5 2.exd5 Nf6 3.d4 c5 4.Bb5+ Bd7 5.Bxd7+ Qxd7 
6.Nf3 cxd4 7.Qxd4 Qxd5 8.Nc3 Qxd4 9.Nxd4 Nc6 
10.Be3 Ng4 11.Nxc6 Nxe3 12.fxe3 bxc6 13.O-O Rb8 
14.Rab1 e6 15.Kh1 Be7 16.a3 O-O 17.e4 Rfd8 18.Na4 
Rd2 19.Rfc1 Rbd8 20.Nc3 Bg5 21.Rcd1 Rxc2 22.Rxd8+ 
Bxd8 23.h3 Kf8 24.Na4 Bc7 25.b4 Ra2 26.Rb3 
Ra1+ 0-1

[Event "ACL-A185"]
[Site "www.playchess.de"]
[Date "2001.04.25"]
[Round "2"]
[White "Zynaps"]
[Black "Qaurial"]
[WhiteElo "1838"]
[BlackElo "1801"]
[PlyCount "31"]
[Result "1-0"]

1.e4 e5 2.Nf3 Nc6 3.d4 exd4 4.Nxd4 Nf6 5.Nxc6 bxc6 
6.e5 Nd5 7.Bd3 Bc5 8.O-O O-O 9.Nd2 d6 10.Ne4 Bb6 
11.Bg5 Qe8 12.c4 Nb4 13.Nf6+ gxf6 14.Bxh7+ Kxh7 
15.Qh5+ Kg8 16.Bxf6 1-0

[Event "HCL-B336"]
[Site "www.playchess.de"]
[Date "2001.04.25"]
[Round "16"]
[White "lonewolf"]
[Black "rafita"]
[WhiteElo "1697"]
[BlackElo "1397"]
[PlyCount "29"]
[Result "1-0"]

1.e4 d6 {hello, good luck!}  2.d4 {Thanks,same to 
you.}  Nf6 3.Nc3 g6 4.f4 Bg7 5.Nf3 O-O 6.Bd3 Na6 
7.O-O c5 8.d5 Bg4 9.Re1 Nb4 10.Bb5 Qb6 11.a3 Na6 
12.a4 Nd7 13.h3 Bxh3 14.gxh3 Nb4 
15.Bxd7 1-0

[Event "HCL-B337"]
[Site "www.playchess.de"]
[Date "2001.04.25"]
[Round "8"]
[White "jensm"]
[Black "richard"]
[WhiteElo "1622"]
[BlackElo "1386"]
[PlyCount "38"]
[Result "1/2-1/2"]

1.e4 c5 {greetings from Amherst, Massachusetts}  
2.Nf3 {Hello from denmark, Massachusetts the city 
with many physicsnobelpriseWinners, right?}  d6 
{not exactly}  3.d4 {My father was in US 2 years 
ago, and he told about all the winners, but I can 
not remember the city}  cxd4 4.Nxd4 {Have you 
played here for a long time?}  Nf6 {one month and 
I love it}  5.Nc3 {Me too, the best chesssite on 
net:-)}  a6 6.Bg5 e6 7.f4 Nbd7 8.Qf3 Qc7 9.O-O-O 
b5 10.Bd3 Bb7 11.Rhe1 O-O-O 12.f5 e5 13.Nb3 Be7 
14.Kb1 h6 15.Bxf6 Nxf6 16.a3 d5 17.Nxd5 Nxd5 
18.exd5 Bxd5 19.Be4 Bxe4 1/2-1/2

[Event "ACL-A185"]
[Site "www.playchess.de"]
[Date "2001.04.25"]
[Round "6"]
[White "Zynaps"]
[Black "Mother_Teresa"]
[WhiteElo "1838"]
[BlackElo "1459"]
[PlyCount "39"]
[Result "1-0"]

1.e4 e5 2.Nf3 Nc6 3.d4 exd4 4.Nxd4 Nxd4 5.Qxd4 d6 
6.Bc4 Be6 7.Nc3 Qf6 8.Qd3 O-O-O 9.Be3 Ne7 10.Bxa7 
Nc6 11.Be3 Bxc4 12.Qxc4 Ne5 13.Qa4 Nd7 14.Qa8+ Nb8 
15.Ba7 Kd7 16.Qxb7 Nc6 17.Nd5 Qe5 18.Qxc7+ Ke8 
19.Qxc6+ Rd7 20.O-O 1-0

[Event "HCL-C330"]
[Site "www.playchess.de"]
[Date "2001.04.25"]
[Round "1"]
[White "DeDonatis"]
[Black "Lukas"]
[WhiteElo "1000"]
[BlackElo "1202"]
[PlyCount "36"]
[Result "0-1"]

1.e4 e5 2.Nf3 Nc6 3.Nc3 Nf6 4.Bb5 Bb4 5.O-O O-O 
6.Nd5 Nxd5 7.exd5 e4 8.Bxc6 dxc6 9.c3 exf3 10.Qxf3 
Bd6 11.d4 cxd5 12.Bf4 Qf6 13.Rae1 Qxf4 14.Qxf4 
Bxf4 15.Re2 Bd7 16.b3 Bb5 17.c4 dxc4 18.bxc4 
Bxc4 0-1

[Event "HCL-B339"]
[Site "www.playchess.de"]
[Date "2001.04.25"]
[Round "2"]
[White "rbverhoef"]
[Black "Coney"]
[WhiteElo "1429"]
[BlackElo "1215"]
[PlyCount "30"]
[Result "0-1"]

1.e4 e5 2.d4 exd4 3.Qxd4 Nc6 4.Qd1 Nf6 5.Bg5 Be7 
6.Nc3 Nxe4 7.Bxe7 Qxe7 8.Nxe4 Qxe4+ 9.Ne2 Nb4 
10.Rc1 Nxa2 11.Rb1 Nb4 12.c3 Nd3+ 13.Kd2 Nxf2 
14.Qe1 Nxh1 15.g3 O-O 0-1

[Event "HCL-B339"]
[Site "www.playchess.de"]
[Date "2001.04.25"]
[Round "3"]
[White "mouloud"]
[Black "rbverhoef"]
[WhiteElo "1082"]
[BlackElo "1429"]
[PlyCount "86"]
[Result "0-1"]

1.e4 c5 2.Nf3 {hello and good mind}  Nc6 3.Bb5 e6 
4.Bxc6 bxc6 5.d3 Ba6 6.c4 Nf6 7.O-O d5 8.Qa4 Qc7 
9.Qxa6 dxe4 10.dxe4 Nxe4 11.Be3 Bd6 12.Rd1 O-O 
13.Nbd2 Nf6 14.h3 Rab8 15.b3 Rfd8 16.Nf1 Rd7 
17.Rd2 Ne4 18.Rc2 Rbd8 19.Kh1 Be5 20.Nxe5 Qxe5 
21.Rac1 Rc7 22.Kg1 Qf5 23.Nd2 Ng5 24.Bxg5 Qxg5 
25.Nf3 Qf4 26.Qa5 Rcd7 27.Qe1 a6 28.Qe3 R7d1+ 
29.Rxd1 Rxd1+ 30.Ne1 Qxe3 31.fxe3 Rxe1+ 32.Kf2 Rd1 
33.Ke2 Rd7 34.e4 f5 35.Ke3 g5 36.g3 Kf7 37.a3 a5 
38.Rd2 f4+ 39.gxf4 gxf4+ 40.Ke2 Rxd2+ 41.Kxd2 Kg6 
42.Ke2 e5 43.Kf3 Kg5 0-1

[Event "HCL-B142"]
[Site "www.playchess.de"]
[Date "2001.04.26"]
[Round "1"]
[White "Matu"]
[Black "Jeff_Foster"]
[WhiteElo "1513"]
[BlackElo "1272"]
[PlyCount "96"]
[Result "0-1"]

1.Nf3 Nf6 2.b3 g6 3.e3 Bg7 4.Bb2 O-O 5.c4 c5 6.d4 
cxd4 7.Bxd4 Nc6 8.Bc3 d5 9.cxd5 Qxd5 10.Nbd2 Qf5 
11.Rc1 Rd8 12.Qc2 Qxc2 13.Rxc2 Bf5 14.Rc1 a5 
15.Nd4 Nxd4 16.exd4 Bh6 17.f3 Be3 18.g4 Be6 19.Ke2 
Bxd4 20.Bxd4 Rxd4 21.Ke3 Rad8 22.Nc4 R4d5 23.Be2 
b5 24.Nxa5 Re5+ 25.Kf2 Rd2 26.Rhe1 Nxg4+ 27.fxg4 
Bxg4 28.Kg3 Bxe2 29.Nc6 Re6 30.Nb4 Re3+ 31.Kf2 
Rf3+ 32.Kg2 Rf5 33.Rc3 Bc4+ 34.Kg3 Be6 35.a4 bxa4 
36.bxa4 Rb2 37.Nc6 Kf8 38.Nd4 Rg5+ 39.Kf3 Rb6 
40.Rce3 Bd5+ 41.Kf4 h6 42.R3e2 Rf6+ 43.Ke3 e5 
44.Nc2 Rf3+ 45.Kd2 e4 46.Nb4 Ra3 47.Nxd5 Rxd5+ 
48.Kc1 f5 0-1

[Event "HCL-C153"]
[Site "www.playchess.de"]
[Date "2001.04.26"]
[Round "17"]
[White "ankush2g"]
[Black "Hulkster"]
[WhiteElo "1000"]
[BlackElo "1000"]
[PlyCount "51"]
[Result "1-0"]

1.e4 e6 2.d4 Qf6 3.Nf3 Nh6 4.Bg5 Qg6 5.Bd3 c5 6.h4 
f6 7.e5 Nf5 8.g4 fxg5 9.gxf5 exf5 10.h5 Qb6 11.b3 
cxd4 12.Bxf5 Nc6 13.a3 Kd8 14.Qe2 Be7 15.Nbd2 d6 
16.Nc4 Qc5 17.Bxc8 Kxc8 18.exd6 Re8 19.O-O-O h6 
20.dxe7 Rxe7 21.Qd2 a5 22.Qd3 Kc7 23.Nxd4 Nxd4 
24.Qxd4 Qxd4 25.Rxd4 Rae8 26.Nxa5 1-0